| 000 | 00437nam a2200181Ia 4500 | ||
|---|---|---|---|
| 008 | 240830s1967 xx 000 0 und d | ||
| 041 | _amar | ||
| 082 | _a615.53 GUN | ||
| 100 | _aGUNE GANGADHAR SHASTRI | ||
| 245 | _aAYURVEDIYA -CHIKITSA PRABODH PART - 2 | ||
| 250 | _aN.D. | ||
| 260 |
_aAHMADNAGER _bN.D. _c1967 |
||
| 300 | _a288p | ||
| 440 | _v2 | ||
| 650 | _aKAYA-CHIKITSA | ||
| 906 | _aKAYACHIKISTA | ||
| 999 |
_c1189873 _d1189873 |
||